| 000 | 00914nam a2200253 a 4500 | ||
|---|---|---|---|
| 001 | BRL_459 | ||
| 005 | 20190320210742.0 | ||
| 008 | 160813s1991----mx-a######---#000-0#spa-# | ||
| 041 | _aspa | ||
| 044 | _amx | ||
| 050 | 4 |
_aGT4811.P _b.S68 1991 |
|
| 100 | 1 |
_aSoto González, Enrique _923979 |
|
| 245 | 1 | 0 |
_aFiestas Reales y Pontificias en Pátzcuaro _cEnrique Soto González; il., Mari Lem Arraiga Calderón, José Ramirez Maldonado, Fernando Martínez Escobar. |
| 260 |
_aPátzcuaro, Michoacán, México _bEnrique Soto González _c1991 |
||
| 300 |
_a107 p. _bil. _c22 cm. |
||
| 500 | _aAu500 | ||
| 650 | 1 | 4 |
_aFestivales _zPátzcuaro, México _923980 |
| 650 | 1 | 4 |
_aFestividades religiosas _zPátzcuaro, México _923981 |
| 700 | 1 |
_aArraiga Calderón, Mari Lem _eil. _923982 |
|
| 700 | 1 |
_aRamirez Maldonado, José _eil. _923983 |
|
| 700 | 1 |
_aMartínez Escobar, Fernando _eil. _923984 |
|
| 902 | _aGRL | ||
| 942 |
_2lcc _cB |
||
| 999 |
_c9271 _d9271 |
||